000 01734nam0a2200337 4500
001 RU\NLR\BIBL_A\011178808
005 20260406235948.0
010 _a5-89851-072-9
_9500
035 _a(NLR Aleph) 011178808
090 _a11808148
_c11808148
100 _a20160721d2004 |||y0rusy50 ca
101 0 _arus
102 _aRU
105 _aa a 001yy
200 1 _aКирилл Шишов
_eнаучно-вспомогательный библиографический указатель
_fКом. по делам архивов Администрации Челябинской обл.
_g[сост.: Н.О. Александрова]
210 _aЧелябинск
_cТатьяна Лурье
_d2004
215 _a51, [1] с., [2] л. ил., портр.
_d21
313 _aЕсть труды по строительству
316 _aС автогр. К.А. Шишова
_5NLR
600 1 _aШишов
_bК.А.
_f1940
_gКирилл Алексеевич
_jБиблиография
_92270264
_3RU\NLR\AUTH\661360754
606 1 _aСтроительное дело
_jБиблиография
_91024046
_3RU\NLR\AUTH\6674089
686 1 _aШ5(2=Р)7-4Шишов
686 1 _aН.я1
702 1 _4570
_7ca
_8rus
_aШишов
_bК. А.
_f1940-
_gКирилл Алексеевич
_9239501
_3RU\NLR\AUTH\770239557
702 1 _4220
_7ca
_8rus
_aАлександрова
_bН. О.
_cканд. ист. наук
_f1957-
_gНаталья Олеговна
_977275
_3RU\NLR\AUTH\7794349
712 0 2 _4570
_aЧелябинский областной комитет по делам архивов
_9475311
_3RU\NLR\AUTH\889989903
942 _cBOOK
980 _aNB